00738nam a2200241 a 450000100060000000300090000600500170001500800410003201500210007302000180009404000280011208200150014010000400015524500670019525000120026226000410027430000310031549000560034650400280040265000120043065000290044265000250047124813CO-ViMGA20230915232019.0141112s2004 ck r 000 u spa d ack - 2009 - xxxx a9789586485999 aCO-ViMGAbspacCO-ViMGA04a657 F43c41 aFierro Martínez, Ángel María.10aContabilidad de activos / cÁngel María Fierro Martínez. a2a. ed. aBogotá : bEcoe Ediciones, c2009. axi, 267 p. : il. ; 24 cm. aColección ciencias administrativas. Contabilidad aIncluye bibliografía.14aActivos14aContabilidad financiera 14aEstados financieros